000 00539nam a2200193 a 4500
003 OSt
005 20161119091929.0
008 071126s2008 arg spa d
020 _a978-950-641-540-2
040 _cBMC
082 _a658.3
100 1 _aAlles, Martha Alicia
_926629
245 1 0 _aDesempeño por competencias
_b: evaluación de 360º
_cMartha Alicia Alles
250 _a2ª ed, 5ª reimp
260 _aBuenos Aires
_bGranica
_c2015
300 _a329 p.
_c23 cm
650 2 4 _aDirección de personal
_96298
942 _2ddc
_cBK
999 _c26625
_d26625